000 01277nam a2200349 i 4500
005 20220317001738.0
007 ta
008 210809r20132017mx a br 000 j spa d
020 _a9786071612182
040 _aCO-BoRNBP
_bspa
_cCO-BoRNBP
_erda
041 0 _aspa
084 _aC CAR42
100 1 _aCarrington, Leonora
_d1914-
_eautora
245 1 0 _aLeche del sueño
_cLeonora Carrington ; editoras Eliana Pasarán y Mariana Mendía
250 _aPrimera edición
_bSegunda reimpresión
264 1 _aMéxico
_bFondo de Cultura Económica
_c2013
_c2017
300 _a36, [8] páginas
_bilustraciones
_c19 cm
336 _atexto
_btxt
_2rdacontent
337 _asin mediación
_bn
_2rdamedia
338 _avolumen
_bnc
_2rdacarrier
490 0 _aA la orilla del viento
500 _aEscritora inglesa nacionalizada México.
521 _aRecomendado para un público infantil mayor de 6 años
650 1 7 _aCuentos infantiles ingleses
_ySiglo XX
_2LEMB
650 1 7 _aLiteratura infantil inglesa
_ySiglo XX
_2LEMB
650 1 7 _aAutores ingleses
_ySiglo XX
_2LEMB
650 1 7 _aEmociones
_vCuentos
_2LEMB
650 1 7 _aNiños y animales
_vCuentos
_2LEMB
700 1 _aPasarán, Eliana
_eeditora
_9179283
700 1 _aMendía, Mariana
_eeditora
_971968
942 _2loc
_cBKLIT
999 _c7942
_d7942